Teams Liverpool F.C. Faced in International Football - Statistics

General Stats
  • This quiz has been taken 145 times
    13 since last reset
  • The average score is 61 of 144
Answer Stats
Country Most Recent Meeting Team % Correct
Italy UCL 2024-2025 A.C. Milan
92%
Belgium UCL 2005-2006 Anderlecht
92%
UCL 2024-2025 Bayer Leverkusen
92%
UCL 2018-2019 Bayern Munich
92%
UEL 2015-2016 Borussia Dortmund
92%
UCL 2025-2026 Eintracht Frankfurt
92%
UCL 2025-2026 Internazionale
92%
UEL 2015-2016 Manchester United
92%
UCL 2025-2026 Olympique de Marseille
92%
UCL 2018-2019 Paris Saint-Germain
92%
England UCL 2007-2008 Arsenal
85%
UCL 2017-2018 A.S. Roma
85%
UCL 2017-2018 Manchester City
85%
UCL 2009-2010 Olympique Lyonnais
85%
UCL 2019-2020 Red Bull Salzburg
85%
Monaco UCL 2004-2005 AS Monaco
77%
European Cup 1981-1982 AZ Alkmaar
77%
UCL 2018-2019 Barcelona
77%
European Cup 1977-1978 Borussia Mönchengladbach
77%
UEFA Super Cup 2019 Chelsea
77%
European Cup 1977-1978 Club Brugge
77%
UCL 2019-2020 Genk
77%
UCL 2004-2005 Juventus
77%
UCL 2025-2026 Real Madrid
77%
UCL 2018-2019 Tottenham Hotspur
77%
UCL 2025-2026 Atlético Madrid
69%
Brazil FIFA Club World Cup 2019 Flamengo
69%
UCL 2024-2025 Lille
69%
UCL 2022-2023 Napoli
69%
UCL 2004-2005 Olympiacos
69%
Azerbaijan UCL 2025-2026 Qarabağ
69%
Scotland European Cup 1980-1981 Aberdeen
62%
Austria European Cup 1984-1985 Austria Wien
62%
UEFA Cup 2002-2003 Celtic
62%
European Cup 1977-1978 Dynamo Dresden
62%
UCL 2009-2010 Fiorentina
62%
European Cup 1978-1979 Nottingham Forest
62%
UCL 2021-2022 Porto
62%
UCL 2025-2026 PSV Eindhoven
62%
UCL 2022-2023 Rangers
62%
UCL 2017-2018 Sevilla
62%
UEL 2023-2024 Sparta Prague
62%
UEFA Cup 1997-1998 Strasbourg
62%
Netherlands UCL 2022-2023 Ajax
54%
UEL 2023-2024 Atalanta
54%
European Cup 1983-1984 Athletic Bilbao
54%
Portugal UCL 2021-2022 Benfica
54%
Turkey UEL 2014-2015 Beşiktaş
54%
East Germany UEFA Cup 1972-1973 BFC Dynamo
54%
UEFA Super Cup 2005 CSKA Moscow
54%
UCL 2025-2026 Galatasaray
54%
UEFA Cup 1991-1992 Genoa
54%
UEL 2012-2013 Heart of Midlothian
54%
Inter-Cities Fairs Cup 1970-1971 Hibernian
54%
1970-1971 Inter-Cities Fairs Cup Leeds United
54%
European Cup 1984-1985 Panathinaikos
54%
Serbia/Yugoslavia UCL 2018-2019 Red Star Belgrade
54%
European Cup 1976-1977 Saint-Étienne
54%
UCL 2017-2018 TSG 1899 Hoffenheim
54%
UEL 2012-2013 Young Boys
54%
Greece UEFA Cup 1972-1973 AEK Athens
46%
Spain UEFA Cup 2000-2001 Alavés
46%
UCL 2024-2025 Bologna
46%
UEL 2015-2016 Bordeaux
46%
Denmark UEFA Cup 1995-1996 Brøndby
46%
Bulgaria UCL 2005-2006 CSKA Sofia
46%
European Cup Winner's Cup 1974-1975 Ferencváros
46%
European Cup 1982-1983 HJK Helsinki
46%
UEL 2023-2024 LASK
46%
Israel UCL 2006-2007 Maccabi Haifa
46%
UCL 2024-2025 R.B. Leipzig
46%
UCL 2017-2018 Spartak Moscow
46%
European Cup Winners' Cup 1965-1966 Standard Liège
46%
UEL 2023-2024 Toulouse
46%
UEFA Cup 2002-2003 Valencia
46%
UEL 2012-2013 Zenit Saint Petersburg
46%
UEFA Cup Winners' Cup 1964-1965 1. FC Köln
38%
France UEFA Cup 2002-2003 Auxerre
38%
Switzerland UCL 2014-2015 Basel
38%
UCL 2004-2005 Deportivo La Coruña
38%
UCL 2024-2025 Girona
38%
UCL 2014-2015 Ludogorets Razgrad
38%
UCL 2020-2021 Midtjylland
38%
UEFA Cup 1975-1976 Real Sociedad
38%
UCL 2021-2022 Villarreal
38%
UEL 2010-2011 Braga
31%
UCL 2009-2010 Debrecen
31%
Ukraine UCL 2001-2002 Dynamo Kyiv
31%
Iceland UEFA Cup Winners' Cup 1964-1965 KR
31%
UEFA Cup 2003-2004 Levski Sofia
31%
UCL 2005-2006 Real Betis
31%
FIFA Club World Cup 2005 São Paulo
31%
UEL 2010-2011 Steaua București
31%
UEL 2012-2013 Udinese
31%
Cyprus European Cup Winner's Cup 1992-1993 Apollon Limassol
23%
Argentina Intercontinental Cup 1985 Club Atlético Independiente
23%
Poland European Cup 1984-1985 Lech Poznań
23%
Slovenia UCL 2017-2018 Maribor
23%
Mexico FIFA Club World Cup 2019 Monterrey
23%
UEL 2010-2011 Trabzonspor
23%
European Cup 1976-1977 Zürich
23%
Germany/West Germany UEL 2015-2016 Augsburg
15%
UCL 2001-2002 Boavista
15%
Hungary UEFA Cup Winners' Cup 1965-1966 Budapest Honvéd
15%
UEFA Cup 1998-1999 Celta Vigo
15%
Lithuania UCL 2005-2006 FBK Kaunas
15%
European Super Cup 1978 Hamburger
15%
European Cup Winner's Cup 1996-1997 MyPa
15%
European Cup 1983-1984 Odense Boldklub
15%
UEFA Cup 2003-2004 Olimpija Ljubljana
15%
UEL 2015-2016 Rubin Kazan
15%
Costa Rica FIFA Club World 2005 Saprissa
15%
European Cup Winner's Cup 1971-1972 Servette
15%
UEL 2015-2016 Sion
15%
UEFA Cup 1975-1976 Śląsk Wrocław
15%
European Cup 1982-1983 Widzew Łódź
15%
Russia UEL 2012-2013 Anzhi Makhachkala
8%
Norway European Cup Winner's Cup 1996-1997 Brann
8%
Northern Ireland European Cup 1976-1977 Crusaders
8%
Romania European Cup 1983-1984 Dinamo București
8%
Soviet Union European Super Cup 1979 Dinamo Tbilisi
8%
Ireland European Cup 1982-1983 Dundalk
8%
Belarus UEL 2012-2013 Gomel
8%
Finland UCL 2001-2002 Haka
8%
Luxembourg European Cup 1973-1974 Jeunesse Esch
8%
Slovakia UEFA Cup 1998-1999 Košice
8%
UEFA Cup 1991-1992 Kuusysi Lahti
8%
Sweden Inter-Cities Fairs Cup 1967-1968 Malmö FF
8%
European Cup 1981-1982 OPS
8%
North Macedonia UEL 2010-2011 Rabotnički
8%
Czech Republic UEFA Cup 2000-2001 Slovan Liberec
8%
UEFA Cup 1991-1992 Swarovski Tirol
8%
Inter-Cities Fairs Cup 1967-1968 TSV 1860 Munich
8%
UEL 2023-2024 Union Saint-Gilloise
8%
UEL 2009-2010 Unirea Urziceni
8%
UCL 2004-2005 GAK
0%
European Cup 1966-1967 Petrolul Ploiești
0%
UEFA Cup 2000-2001 Rapid București
0%
UEFA Cup 1995-1996 Spartak Vladikavkaz
0%
European Cup Winner's Cup 1974-1975 Strømsgodset
0%
Wales UCL 2005-2006 Total Network Solutions
0%
UEL 2010-2011 Utrecht
0%
UEFA Cup 2002-2003 Vitesse
0%
Inter-Cities Fairs Cup 1969-1970 Vitória de Setúbal
0%
No matching quizzes found
Score Distribution
Percent of People with Each Score
Percentile by Number Answered
Your Score History
You have not taken this quiz since the last reset